[Event "Premier"]
[Site "Chess.com"]
[Date "2021.02.14"]
[Round "8"]
[White "Anand, Vignesh"]
[Black "Razmov, Valentin"]
[Result "1-0"]
[WhiteElo "2085"]
[BlackElo "1986"]
[Annotator "Vignesh Anand"]
[PlyCount "59"]
[EventDate "2021.02.13"]
[EventType "tourn"]
[EventRounds "9"]
[TimeControl "3600+10"]

1. d4 Nf6 2. c4 c6 3. Nc3 d5 4. e3 e6 5. Nf3 Nbd7 6. Qc2 (6. b3 {Last time I
played this line I lost a pawn to the following variation} Bb4 7. Bb2 Qa5 8.
Qc2 Ne4 9. Rc1 Qxa2) 6... b6 7. b3 Bb7 8. Bd3 Bd6 9. Bb2 {trying to bait out
castles Kingside by my opponent so I can maybe get agressive with g4 or h4} Qe7
10. O-O O-O 11. Rae1 {hoping to get a big break in the center} Rac8 12. Qe2
dxc4 13. bxc4 e5 14. dxe5 (14. c5 $5 bxc5 15. dxe5 Nxe5 16. Nxe5 Bxe5 17. f4
Bc7 18. Na4 $11) 14... Nxe5 15. Nxe5 Bxe5 16. f4 Bxc3 17. Bxc3 Ne4 $1 {my
opponent now has strong light square control, and I'm not going to be able to
kick the knight out of e4, so I'm going to have to give up the 2 bishops
advantage and try to hope I have a good enough Kingside attack to win} 18. Bxe4
Qxe4 19. f5 f6 (19... Rfe8 {This move seemed annoying because it prevented my
plan of Rf4}) 20. Rf4 Qe7 21. Rh4 c5 22. Qh5 h6 23. Rg4 Kh7 (23... Be4 {
A small oversight by both me and my opponent. This strong move would prove to
be effective in maintaining equality, and shut down my attack} 24. Qxh6 Bxf5
25. Rg3 $11) 24. e4 $18 {now Be4 is no longer a move, and there are too many
threats for my opponent to prevent.} Qf7 25. Rg6 $1 {Bxf6 is now a major
threat in the position} Qxc4 {Desperate times call for desperate measures} 26.
Rxg7+ $3 {The following moves are now forced, which leads to forced checkmate
for white} (26. Rxh6+ gxh6 27. Qg6+ {this line would also transpose to what
was played in the game}) 26... Kxg7 27. Qg6+ Kh8 28. Qxh6+ Kg8 29. Qg6+ Kh8 30.
Re3 {VigneshRar won by resignation} 1-0

[Event "Championship"]
[Site "Chess.com"]
[Date "2021.02.15"]
[Round "9"]
[White "Porter, Ryan"]
[Black "Mahajan, Rushaan"]
[Result "1-0"]
[WhiteElo "2310"]
[BlackElo "2221"]
[Annotator "Ryan Porter"]
[PlyCount "143"]
[EventDate "2021.02.13"]
[EventType "tourn"]
[EventRounds "9"]

{[%evp 0,143,31,31,61,61,61,22,14,11,-4,26,17,13,13,-30,-25,-16,26,7,34,-22,24,
7,21,-11,34,40,29,-14,-5,9,25,18,54,41,43,43,60,90,58,17,163,78,67,47,109,88,
104,76,97,122,96,75,96,73,68,69,69,38,128,97,108,-3,-15,-6,102,-8,50,-13,19,
-17,16,-30,27,-102,64,64,318,347,388,388,403,346,349,347,403,403,396,301,286,
256,276,276,276,276,276,276,300,276,276,254,202,202,407,308,290,845,1933,29974,
29975,0,1077,1098,29983,484,593,489,555,561,535,428,399,427,427,427,555,423,
427,299,321,300,336,339,339,339,339,260,497,267,326,334,372,378,580,891]} 1. e4
c6 2. d4 d5 3. f3 $5 e6 4. Be3 $6 ({Commits white to sacrificing a pawn.} 4.
Nc3 {is the main move.}) 4... dxe4 5. Nd2 (5. fxe4 $6 Qh4+ {is just a worse
way to sacrifice the pawn.}) 5... exf3 6. Ngxf3 {We now have the structure of
a Blackmar–Diemer Gambit, which does not have the best reputation. I think
that white can make some claim to this better a better version of it, because
he has developed his pieces while black has pushed two pawns up a single
square. However, objectively, black is probably at least equal here. The
reason I played this variation in a G/60 game is that it is much to easier to
play with the white pieces.} Nf6 7. Nc4 Nbd7 8. Bd3 Be7 9. O-O O-O 10. Qe2 b5
$6 ({Pushes white's knight to the square it wants to go to anyway, and creates
a weakness on c6 that draws another potential defender away from the kingside.
Black should instead strike at white's center with} 10... c5) 11. Nce5 Bb7 12.
Ng5 {White now has two half-open files and 6(!) pieces aiming at black's king.}
h6 13. Ngxf7 Rxf7 14. Nxf7 Kxf7 15. Bxh6 $1 Nf8 $1 ({The bishop cannot be
captured, because the king has zero unpinned defenders.} 15... gxh6 $4 16. Qh5+
Kf8 (16... Kg7 17. Qg6+ Kh8 18. Qxh6+ Kg8 {transposes}) 17. Qxh6+ Kg8 (17...
Kf7 $2 {hastens the end} 18. Qh7+ Kf8 19. Bg6 Ne5 20. Qh8#) 18. Qg6+ Kf8 19.
Qh7 {+- and black cannot prevent Bg6 and Qf7# without a major loss in material.
During the game, I must admit that I did not take the time to work out these
variations before I played Bxh6. I instead made the practical choice of
recognizing that I could always bail out with a perpetual check if I ended up
not being able to find a mating net.}) 16. Be3 {Time to take stock of how the
position has been transformed. Material is roughly balanced, with a rook and
pawn versus two knights. White has zero weaknesses, while black has a weakened
pawn structure in front of his king, with four white pieces already aiming at
it. Somehow, given enough time, Stockfish finds a way for black to solve all
of his problems and equalize, but I definitely prefer to play white here.} Qd5
$6 ({Safer is} 16... Kg8) 17. c4 bxc4 18. Bxc4 Qd6 {Black has induced a
weakness on d4, but at the cost of bringing another attacker to aim at e6,
which is a much more important pawn.} 19. Rad1 {Freeing up the bishop on e3 to
re-reroute to e5, where it will again guard d4, but also take better aim at
the kingside.} Ng6 20. Bf2 Rh8 21. Bg3 Qd7 22. Rde1 {Forces black add a
defender to e6 before the bishop on e5 blocks the line of attack.} Bc8 23. Qd3
Nf8 24. Be5 {This is another position that Stockfish claims offers equal
chances, but I just don't see it. Black's pieces are passive, while all of
white's are very well placed.} c5 $4 {The idea is sound. Black wants to open
up the h1-a8 diagonal for his bishop to either attack g2 or stake a claim to
d5. Unfortunately, the d5 square is currently too weak to allow for the
removal of a defender.} (24... Rh6 {followed by Rg6, continues the fight.}) 25.
d5 {±} Kg8 26. d6 $4 {Immediately returning the favor. The prospect of a
slamming a pawn down black's throat proved to be too tempting to me, but it
doesn't actually do anything there, and now is absolutely not the time for
white to reduce the tension.} (26. Qg3 {Adds threats to f6 to the existing
pressure on e6.} exd5 (26... Rh6 27. dxe6 Nxe6 28. Bxf6 Bxf6 29. Bxe6+ {+-})
27. Bxf6 Bxf6 28. Rxf6 dxc4 29. Rd6 {+- White's major pieces dominate the open
board and will soon invade the last rank.}) 26... Bd8 27. Qg3 Qf7 28. Bc3 Rh6 {
Black is now bringing his pieces into better coordination.} 29. Re5 N8h7 $6 ({
The knight should keep the guard on e6 to free up the white-squared bishop to
use the long diagonal that I generously opened for it.} 29... Bb7 {∞}) 30.
Kh1 {Gets the king off of the g1-a7 diagonal to threaten Rxc5.} Rg6 $6 31. Qe1
$2 (31. Qh3 {± is much stronger, because it keeps an eye on g2.} Bb7 32. Bxe6
Bxg2+ 33. Qxg2 {+-}) 31... Bb7 $1 {∓ And now the tables have turned. Black's
pieces are now well coordinated, and white's weakness on g2 allows black time
to solve his e6 problem.} 32. Re2 (32. Bxe6 $4 {immediately loses to} Bxg2+ 33.
Kg1 Bd5+) 32... Ng5 $2 (32... Bd5 {was necessary. It should be noted that
black now had less than 90 seconds left, and thus was mostly playing on a 10
second increment for the rest of the game.}) 33. Rff2 Kh8 34. Bxe6 $6 (34. h4 {
is stronger, first driving away a defender of e6, but it's a hard move for a
human to make.}) 34... Nxe6 35. Rxe6 Rh6 36. Qe5 $2 Qg6 $2 (36... Bc8 {Oops.
My rook would now be trapped. Maybe it's a good time to try the excuse that I
was now down to a couple minutes left on the clock.}) 37. Kg1 $2 (37. d7 {
prevents Bc8, and actually black will have to give up a piece for the pawn.})
37... Rh5 $2 (37... Bc8 {was still available}) 38. Qe2 c4 $4 (38... Rd5 {
leads to a very complex position, with roughly equal chances.}) 39. Bxf6 $1 {
Finally, I find tactic to run the d-pawn, which now cannot be stopped.} Bxf6
40. d7 Rd5 41. Rexf6 gxf6 42. Qe8+ Kg7 43. d8=Q Rxd8 44. Qxd8 $4 ({White is
still winning, but the double question mark is for missing a simple tactic
that would have left black down material, with no counterplay.} 44. Qe7+ Qf7 (
44... Kh6 45. Rxf6) 45. Qxd8 {And white has time to regroup before the black
queen gets to the back rank.}) 44... Qb1+ {now it's messy.} 45. Rf1 Qxb2 46.
Qc7+ Kh8 47. Qd8+ Kg7 48. Qd7+ Kf8 49. Qd6+ Kg7 50. Qg3+ Kf7 51. Rd1 c3 52.
Rd7+ Ke6 53. Qd6+ Kf5 54. g4+ Kxg4 55. Rg7+ $4 ({Our silicon friend
immediately sees mate in 7 after} 55. Qe6+ {But, I'm not too disappointed that
I couldn't work these lines out in a time scramble.} Kg5 56. h4+ Kg6 (56...
Kxh4 57. Qxf6+ Kh3 58. Rh7+ Kg4 59. Rh4+ Kg3 60. Qf4#) 57. Qg4+ Kh6 58. Qg7+
Kh5 59. Qh7+ Kg4 60. Rd4+ Be4 61. Qxe4+ Kh5 62. Qh7#) 55... Kf3 $4 (55... Kh5 {
and white's checks will run out after the next one by the queen, because Kh6
threatens the rook, while Rh7 would be met by Kg6. Stockfish sees nothing
better here than for white to take a draw.}) 56. Qxf6+ Ke4 57. Qe7+ $2 ({
Winning the bishop, but} 57. Qe6+ {was another mate in 7 that I'm not ashamed
of missing.}) 57... Kd3 58. Qxb7 Qc1+ {Time to take stock again. Black is down
a full rook, but now it's his turn to chase white's king around. My mindset
was that there should not be a perpetual, and that I could eventually block a
check by giving check with my queen, forcing a trade. Then, white simply gives
up his rook for the c-pawn and runs the h-pawn.} 59. Kg2 Qd2+ 60. Kg3 Qe1+ 61.
Kf4 Qe3+ 62. Kf5 Qf2+ 63. Ke6 Qe3+ 64. Kf7 Qf4+ 65. Kg8 $2 ({I'm not sure why,
given my plan, I did not run towards my queen with} 65. Ke8) 65... Qc4+ 66. Qf7
Qc8+ 67. Qf8 Qe6+ 68. Rf7 {Okay, I've now gotten my king sheltered in a corner.
I planned to continue with moves like Qg7, Rf8, and Kh8, after which black
would have check on the h-file. Then Qh7 forces a queen trade, completing my
plan.} c2 $1 {D'oh! I wasn't even considering the possibility that black could
stop checking, but now is the opportune moment to do so, with my rook is
pinned. I think this showed impressive presence of mind by my opponent, in the
midst of a time scramble, to find the best practical chance. I was worried
that black had now saved a draw, but fortunately the tactics still worked out.}
69. Qa3+ Kd2 70. Qb4+ Kd3 71. Qb5+ $1 Kd2 (71... Kc3 {forces white to be more
precise} 72. Qb3+ $1 Qxb3 73. axb3 Kxb3 74. Rb7+ $1 (74. Rf1 {also works, but
it far less pretty}) 74... Kc3 75. Rxa7 c1=Q 76. Rc7+) 72. Qd7+ {retropwr won
by resignation Finally completing then plan. Whew. Overall, that was a tough,
interesting game, with several large evaluation swings.} 1-0

[Event "Live Chess"]
[Site "PNWCC Online Super G/60"]
[Date "2021.02.27"]
[Round "?"]
[White "Porter, Ryan"]
[Black "Demchenko, Anton GM"]
[Result "1-0"]
[WhiteElo "2308"]
[BlackElo "2680"]
[Annotator "Ryan Porter"]
[PlyCount "77"]
[EventDate "2021.??.??"]
[TimeControl "3600+5"]

{[%evp 0,77,25,-13,-15,-23,14,14,-3,-22,-22,-16,-20,-8,-8,-6,-3,-2,9,9,22,-18,
3,-4,7,2,8,7,17,17,0,-5,-17,-17,-17,-17,21,-1,14,14,17,10,15,0,-2,-17,5,22,11,
-62,-60,-119,-119,-107,-67,-109,-118,-275,-275,-298,-99,-275,-123,-123,-123,
-131,-132,-130,-131,-122,-165,-185,-165,-188,233,233,29993,29994,29995,29996]
This game was played in Round 1 of a strong online G/60 tournament hosted by
PNWCC. I played up in the 2400+ section for opportunities like this to play
against grandmasters.} 1. c4 e5 2. Nc3 d6 3. g3 Be7 4. d4 exd4 5. Qxd4 Nf6 6.
Bg2 O-O 7. Nh3 {Aiming for d5.} Nc6 8. Qd2 Ne5 {White has been a bit slow in
developing the queenside. So, black takes immediate action there.} 9. b3 a5 10.
Bb2 a4 11. Rd1 {A concession, which gives black the a-file, in conjunction
with the weakness on b3.} ({I did not consider} 11. Nxa4 $5 {due to} Nxc4 {
but it's actually not all that bad for white after} 12. bxc4 Rxa4 13. Qc2 Ra6
14. Nf4 {White's active minor pieces and control of d5 compensate for the
weakness on a2.}) ({The main alternative I considered was} 11. O-O a3 {The
point of Rd1 is to open up a1 for the bishop after this move.} 12. Bc1 {
I did not like the prospect of spending several more moves now to complete my
development. Longer term, though, that pawn could prove to be offsides.}) 11...
axb3 12. axb3 c6 13. O-O ({Looking back, I now prefer} 13. Qc2 {to immediately
guard the weak b3 pawn, while also preventing black's next move.}) 13... Bf5 {
By making the c2 square off limits for the white queen, black has the
immediate threat of Qb6, when it will be very awkward to try to defend b3. I
spent a while on my next move, first evaluating passive options for defending
b3. Not finding a good solution, I next looked for an active way to maintain
the balance.} 14. c5 $1 {Makes use of my central pressure, and the fact that,
if the d6 pawn moves, then both the knight on e5 and bishop of f5 are
unguarded.} (14. Nf4 $6 Qb6 15. e4 Qxb3 (15... Bg4 {is also not fun for white})
16. exf5 Nxc4 17. Qe1 Qxb2 18. Rb1 {White is still making a game of it, but
black clearly has the upper hand.}) (14. e4 $4 {of course loses on the spot to}
Bxh3) 14... Bxh3 (14... d5 $6 15. Qf4 Bxh3 16. Bxh3 Ng6 17. Qd4 {⩲}) 15. cxd6
(15. Bxh3 $5 dxc5 16. Qf4 {=/∞ is a very interesting alternative. White has
plenty of compensation for the pawn.}) 15... Bxg2 16. dxe7 $6 ({Honestly, I
just went into auto-pilot here and failed to even consider} 16. Kxg2 {when the
trapped bishop on e7 will allow white to win back the piece more favorably.})
16... Qxe7 (16... Qxd2 $6 17. exf8=Q+ Kxf8 18. Rxd2 Bxf1 19. Kxf1 {⩲}) 17.
Kxg2 Qb4 {I still do have that weakness on b3, but it is easier to guard now.}
18. Na4 {Unleashing the bishop, temporarily blocking the a-file, and aiming to
relocate to c5 at some point. I would welcome a queen trade here, after which
it's harder for black to attack b3.} Qb5 (18... Qxb3 $4 19. Nc5 Qc4 20. Bxe5
Qxc5 21. Bd6 {and white wins the exchange}) 19. Qc2 Rfe8 20. Rd2 {I couldn't
find a good plan here. So, I just improved the position of my rooks.} h5 21.
Rfd1 h4 22. Qf5 $5 {Leads to complications if black takes the pawn left behind
on b3. I did not fully analyze the resulting lines during the game, but I felt
like my rooks on d-file supported such a move.} h3+ {Woah. I was not expecting
that.} (22... hxg3 23. hxg3 Qxb3 24. Bxe5 Qb5 $1 {A key intermediate move to
induce f4.} (24... Qxa4 $4 25. Bxf6 gxf6 26. Rd4 {and white wins by swinging
his rook to g4, unblocked by a pawn on f4.}) (24... Rxa4 $4 25. Bxf6 gxf6 26.
Rd8 Ra8 27. Rxa8 Rxa8 28. Rd4 {is similarly crushing.}) 25. f4 Qxa4 26. Bxf6
gxf6 27. Qxf6 Qe4+ {=}) 23. Qxh3 ({Obviously not the best square for my queen,
and I wanted to play} 23. Kxh3 Neg4 {However, during the game, I rejected this
line, because I only saw the losing} 24. Qxb5 $4 ({White could maintain the
balance with} 24. e4 $1 Qxf5 25. exf5 Ra5 26. Kg2 Rxf5 {=}) 24... Nxf2+ 25. Kg2
cxb5 {-+}) 23... Neg4 $5 (23... Qxb3 {is objectively a better move, but it
allow white to simplify the position. I was expecting to the game proceed in
the general direction of the following lines.} 24. Nc5 Qb5 25. Bxe5 Rxe5 26.
Nd7 Nxd7 27. Qxd7 {=}) 24. Bd4 $4 {I thought that I might start to take
control of the position, with the bishop supporting Nc5, and the threat of Nc3
preventing an immediate Re2.} (24. Bxf6 Nxf6 25. Rd3 {holds everything
together, with the knight ready to jump to c3.} (25. Rd4 $5 {is also an
interesting attempt to try to use the h-file.})) 24... Rxe2 {Uh oh. Now I see
that he can just take both my rooks if I grab his queen.} 25. Nc3 Rxd2 26. Rxd2
(26. Nxb5 $2 Rxd1 27. Bxf6 Nxf6 28. Nc3 Rd3 29. Ne2 Rxb3 {should be a pretty
straightforward win for black.}) 26... Qxb3 27. Ne4 $5 {Objectively, this
isn't the best move, but I'm doing everything I can to try to mix things up in
a losing position. The clock situation was 6 minutes for me, and just under 10
for him.} Qb4 ({Black finds the best move, but the victory proved pyrrhic,
because he spent over 80\% of his remaining time to find it, leaving himself
with just 90 seconds (plus the increment) for the rest of the game! Given the
clock situation, I think black should have spent far less time and played the
natural move} 27... Qd5 {when I expected the game to continue} 28. f3 Nxe4 29.
Qxg4 Qg5 30. Qxg5 Nxg5 {I was planning to try to cause some problems with Be3
and Rd7, but black is clearly winning, and anything more than 5 minutes left
should be plenty for a GM.}) 28. Nxf6+ ({Stockfish prefers} 28. Qh4 {but black
can simplify with} c5 29. Nxf6+ Nxf6 30. Be3 Qxh4 31. gxh4 b6) 28... Nxf6 29.
Rd3 Qc4 30. Rd2 Qd5+ 31. f3 Qg5 32. Rb2 b5 33. Rc2 b4 34. Bxf6 Qxf6 35. Qd7 b3
36. Rxc6 $6 (36. Qxc6 {may have been a better try, but black is of course
still winning.} Qa1 $1 37. Re2 g6 {-+}) 36... Ra2+ $4 {With 15 seconds left,
black blunders horribly. Even a superficial evaluation of position should have
told him not to leave the back rank. However, I believe that the greater
mistake was spending so much time on move 27. As we all know painfully well,
anything can happen in a time scramble.} 37. Kh3 Qxf3 $2 {For the puzzle
inclined, white now has mate in 4.} ({The only way to continue the game is} 
37... Qxc6 38. Qxc6 {but white is certainly winning, especially with an extra
pawn on the kingside to use to pry open any attempt at a fortress.}) 38. Qd8+ {
This is not a difficult tactic, but I did have to find it quickly, and every
other move loses.} ({Perhaps black only analyzed the superficially tempting} 
38. Rc8+ $4 Kh7 {when black's queen prevents any follow-up checks.}) 38... Kh7
39. Qh4+ {retropwr won on time Black let his little remaining time run out,
with mate in 2 coming. Obviously, I was outplayed and outclassed in this game,
and I got lucky in the end, aided by the shorter time controls, which can add
a dose of randomness. However, I am proud of the way that I competed and found
active moves to continue the fight into a time scramble, against an opponent
who is by far the best player I've ever defeated in a non-blitz game.} 1-0